000
00481nam a2200145Ia 4500
008
151213s9999 xx 000 0 und d
100
_a
সৈয়দ আবুল মাসুদ
245
_a
বিকেল বেলা
_c
সৈয়দ আবুল মাসুদ
260
_a
ঢাকা
_b
নলেজ হোম
_c
1981
300
_a
8398 p.
650
_a
Bangla
650
_a
Bengali Literature
700
_a
সৈয়দ আবুল মাসুদ
999
_c
4236
_d
4236